000 00686 a2200181 4500
999 _c9659
_d9659
022 _ano issn
050 0 0 _aKTL19.A35 SOU 1970
100 _aFisher,David S.
_eeditor
245 0 0 _aSouth African law reports 1970(3) Sep :
_bDecisions of Supreme court of South Africa, South-west Africa division, High court of Rhodesia /
_cDavid S. Fisher,
264 _aDurban:
_bButterworths,
_c1970
300 _a343p.;
500 _aIncludes bibliographical references and index Pages start from pg 530-873
650 0 _aAnnotations and citations (Law)
650 7 _aLaw reports, digests, etc.
651 7 _aSouth Africa.
710 2 _aButterworth & Co. (SA)
942 _2lcc
_cBK
_h19.A35
_iSOU
_kKTL